Les footballeurs de Premier League en 2024 (image) - Statistiques

Statistiques générales
  • Ce quiz a été pris 496 fois
  • Le résultat moyen est 18 sur 20
Statistiques - réponses
Par images Réponse % Correct
Erling Haaland
100%
Mohamed Salah
99%
Kevin de Bruyne
98%
Bukayo Saka
96%
Heung-Min Son
96%
Phil Foden
96%
Marcus Rashford
95%
Virgil van Dijk
95%
Bernardo Silva
93%
Alisson
92%
Ederson
92%
Darwin Núnez
91%
Rodri
91%
Martin Ødegaard
90%
Cole Palmer
89%
Trent Alexander-Arnold
89%
Kai Havertz
87%
Rúben Dias
86%
Kieran Trippier
82%
Ollie Watkins
75%
Aucun quiz correspondant
Distribution des résultats
% des personnes avec chaque résultat
Percentile par nombre de réponses
Votre historique - résultats
Vous n’avez pas pris ce quiz